000 00894nam a2200337Ia 4500
001 1809
005 20240113233516.0
007 ta
008 050211s2004 g b000 u eng u
020 _a81-8069-074-1
040 _aCotton College,Assam
041 _aeng
082 _a910.3012
_bGr 89 Cu
100 _aGrover, Neelam.
245 0 _aCultural Geography Form and Process /
_cNeelam Grover, Kashi Nath Singh.
_hTextual Documents
250 _a1st ed. /
260 _aNew Delhi :
_bConcept Publishing Comp. ,
_c2004.
300 _a469p. ;
_c24cm.
504 _aIndex
653 _aGeography-Cultural
653 _aCultural geography
653 _aG-Geography
653 _aDeptt- Geography
700 _aSingh, Kashi Nath .
942 _2ddc
_cBK
999 _c1804
_d1804